| 000 | 01319cam a2200385Ia 4500 | ||
|---|---|---|---|
| 001 | 76152 | ||
| 005 | 20230410132612.0 | ||
| 008 | 881021s1981 sp a b 000 1 spa d | ||
| 035 | _a(OCoLC)ocm18652595 | ||
| 040 |
_aTVP _cTVP _dOCLCQ _dOCLCG |
||
| 020 | _a8475250084 | ||
| 020 | _a9788475250083 | ||
| 035 | _a(OCoLC)18652595 | ||
| 041 | 1 |
_aspa _heng |
|
| 092 |
_a464.823 _bSTE |
||
| 050 | 1 | 4 |
_aPR 5484 _bS836e 1981 |
| 100 | 1 |
_aStevenson, Robert Louis, _d1850-1894. |
|
| 240 | 1 | 0 |
_aStrange case of Dr. Jekyll and Mr. Hyde. _lSpanish |
| 245 | 1 | 3 |
_aEl extraño caso del Dr. Jekyll y Mr. Hyde / _cRobert L. Stevenson ; traducción, Luis Sánchez Bardón ; apéndice, Luis Sánchez Bardón ; ilustración, S.G. Hulme Beaman. |
| 260 |
_aMadrid : _bEdiciones Generales Anaya, _c1981. |
||
| 300 |
_a207 p. : _bill. ; _c20 cm. |
||
| 490 | 0 |
_aTus libros ; _v4 |
|
| 504 | _aIncludes bibliographical references (p. 205-207). | ||
| 500 | _aTranslation of: The strange case of Dr. Jekyll and Mr. Hyde. | ||
| 650 | 4 | _aNovela | |
| 650 | 4 | _aCES | |
| 650 | 4 | _aColección Enriquillo Sánchez | |
| 650 | 4 | _aPrimera Jornada de Catalogacion | |
| 700 | 1 | _aSánchez Bardón, Luis. | |
| 700 | 1 | _aBeaman, S. G. Hulme. | |
| 740 | 0 | 1 | _aDr. Jekyll y Mr. Hyde. |
| 942 |
_2lcc _cbk |
||
| 946 | _amjcruz | ||
| 994 |
_aC0 _bDRFGD |
||
| 999 |
_c84441 _d84441 |
||